| 000 | 00607nam a2200229Ia 4500 | ||
|---|---|---|---|
| 008 | 200601s9999 xx 000 0 und d | ||
| 020 | _a978-0-470-12479-6 | ||
| 050 | _aREF F 2808 | ||
| 050 | _b.L86 2007 | ||
| 100 | _aLuongo, Michael. | ||
| 245 | 0 | _aArgentina / | |
| 245 | 0 | _cMichael Luongo, Charlia O' Malley & Christie Pashby. | |
| 260 | _aNew Jersey : | ||
| 260 | _bWiley Publishing, | ||
| 260 | _c2007 | ||
| 300 | _a434 pages : | ||
| 300 | _billustrations (some color) ; | ||
| 300 | _c21 cm. | ||
| 440 | _aFrommer's | ||
| 500 | _aIncludes index. | ||
| 650 | _aArgentina -- Guidebooks. | ||
| 999 |
_c363323 _d363323 |
||